Missing Word: Yogi Berra Quiz Stats

 Plays Quiz Updated Oct 2, 2015

Challenge
Share
Tweet
Embed
Score 0/20 Timer 04:00
0 Plays Today
Quote Missing Word % Correct
A nickel ain't worth a ____ anymore.Dime
97.6%
It's like deja vu all over _____.Again
86.5%
It was impossible to get a conversation going; everybody was _______ too much.Talking
76.9%
I always thought that record would stand until it was ______.Broken
75.3%
If you don't know where you are going, you will wind up _________ else.Somewhere
75%
You better cut the _____ into four pieces because I'm not hungry enough to eat six.Pizza
64.7%
It gets late _____ out there.Early
60.5%
You should always go to other people's ________, otherwise, they won't come to yours.Funerals
59.6%
Nobody goes there anymore because it's too _______.Crowded
51.3%
Baseball is ninety percent mental and the other ____ is physical.Half
45.8%
Quote Missing Word % Correct
We made too many wrong ________.Mistakes
42%
I think Little League is wonderful. It keeps the kids out of the _____.House
36.6%
The ______ were so thick there I could hardly close my suitcase.Towels
22.3%
You can _______ a lot just by watching.Observe
21%
He hits from both sides of the plate. He's ____________.Amphibious
18%
I knew I was going to take the wrong _____, so I left early.Train
13%
It ain't the heat, it's the ________.Humility
8%
I'd find the fellow who lost it, and, if he was ____, I'd return it.Poor
7.3%
I'm not going to buy my kids an ____________. Let them walk to school like I did.Encyclopedia
7.3%
Take it with a ____ of salt.Grin
3.5%

Today's Daily Dose

You're not logged in!

Compare scores with friends on all Sporcle quizzes.
Join for Free
OR
Log In

You Might Also Like...

Show Comments

Extras

Top Quizzes Today


Score Distribution

Your Account Isn't Verified!

In order to create a playlist on Sporcle, you need to verify the email address you used during registration. Go to your Sporcle Settings to finish the process.

Report this User

Report this user for behavior that violates our Community Guidelines.

Details: